| 000 | 00640nam a2200229Ia 4500 | ||
|---|---|---|---|
| 003 | OSt | ||
| 005 | 20221007063506.0 | ||
| 006 | a|||||r|||| 00| 0 | ||
| 007 | ta | ||
| 008 | 221006b |||||||| |||| 00| 0 eng d | ||
| 024 | _a27,258 | ||
| 037 | _cTextual | ||
| 040 |
_aFLL _cFLL _beng |
||
| 041 |
_2eng _aeng |
||
| 082 | _aV1N45:2:9Zy7, J6 | ||
| 100 |
_aSohn Louis B. Ed. _999304 |
||
| 245 | 0 | _aCases on United Nations law | |
| 260 |
_aBrooklyn _bThe Foundation Press, Inc. Brooklyn _c1956 |
||
| 300 |
_axxv,1-1048p _ccm. |
||
| 942 |
_hV1N45:2:9Zy7, J6 _cTEXL _2CC |
||
| 999 |
_c1131387 _d1131387 |
||